Loading...
| Mythology | 0 | 4 | 0 | 0 | 40 | 23 | 58.25 | 1 | 3 | 20.08 | 28.89 |
| History - American | 0 | 3 | 0 | 2 | 30 | 72 | 85.33 | 0 | 0 | 5.13 | 8.06 |
| Science - Chemistry | 0 | 3 | 0 | 0 | 30 | 48 | 75.33 | 1 | 1 | 8.64 | 17.78 |
| Science - Other | 0 | 3 | 1 | 0 | 25 | 32 | 55.67 | 0 | 2 | 13.95 | 20.00 |
| History - World | 0 | 2 | 0 | 1 | 20 | 42 | 66.50 | 1 | 1 | 7.05 | 11.11 |
| Philosophy | 0 | 2 | 0 | 0 | 20 | 46 | 62.00 | 1 | 1 | 10.76 | 19.05 |
| Religion | 0 | 2 | 0 | 0 | 20 | 86 | 88.50 | 0 | 0 | 4.05 | 11.67 |
| History - European | 0 | 2 | 0 | 0 | 20 | 25 | 28.50 | 1 | 1 | 14.23 | 13.33 |
| History - Other | 0 | 2 | 0 | 0 | 20 | 74 | 87.50 | 1 | 1 | 4.57 | 11.11 |
| Literature - European | 0 | 2 | 0 | 1 | 20 | 108 | 114.50 | 0 | 1 | 0.17 | 13.33 |
| Painting/Sculpture | 0 | 2 | 0 | 0 | 20 | 80 | 83.00 | 0 | 1 | 3.88 | 11.11 |
| Pop Culture | 0 | 2 | 0 | 0 | 20 | 15 | 19.00 | 2 | 2 | 32.97 | 40.00 |
| Literature - British | 0 | 2 | 1 | 0 | 15 | 78 | 96.50 | 0 | 0 | 3.22 | 6.67 |
| Social Science | 0 | 2 | 1 | 1 | 15 | 73 | 77.00 | 1 | 1 | 6.32 | 15.28 |
| Science - Biology | 0 | 2 | 1 | 2 | 15 | 76 | 84.50 | 0 | 0 | 1.83 | 4.44 |
| Current Events | 0 | 1 | 0 | 1 | 10 | 109 | 109.00 | 0 | 0 | 0.00 | 2.22 |
| Fine Arts - Other | 0 | 1 | 0 | 0 | 10 | 67 | 67.00 | 1 | 1 | 4.12 | 10.00 |
| Literature - American | 0 | 1 | 1 | 0 | 5 | 82 | 82.00 | 0 | 0 | 2.34 | 3.33 |
| Science - Physics | 0 | 2 | 3 | 0 | 5 | 48 | 73.00 | 0 | 1 | 6.63 | 13.33 |
| Fine Arts - Classical Music | 0 | 1 | 1 | 0 | 5 | 101 | 101.00 | 0 | 0 | 1.29 | 4.44 |
| Literature - World | 0 | 0 | 1 | 0 | -5 | 0.00 | 0 | 0 | 0.00 | 0.00 | |
| Geography | 0 | 0 | 2 | 0 | -10 | 0.00 | 0 | 0 | 0.00 | 0.00 |